Consumer behavior: selected readings
Furkejuvvon:
| Váldodahkki: | |
|---|---|
| Materiálatiipa: | Girji |
| Giella: | eaŋgalasgiella |
| Almmustuhtton: |
Homewood
Richard D. Irwin
1968
|
| Ráidu: | AMA Reprint Series
|
| Fáttát: | |
| Fáddágilkorat: |
Lasit fáddágilkoriid
Eai fáddágilkorat, Lasit vuosttaš fáddágilkora!
|
MARC
| LEADER | 00000nam a2200000 a 4500 | ||
|---|---|---|---|
| 001 | UCT7441 | ||
| 003 | CL-VaPUC | ||
| 008 | 970117e19680000US |||||||||||||||||eng|d | ||
| 082 | 0 | 4 | |a 339.47 |b ENG |2 21 |
| 100 | 0 | |a Engel, James F |e author |9 378401 | |
| 245 | 1 | 0 | |a Consumer behavior: selected readings |
| 300 | |a 233 p | ||
| 942 | |c BK | ||
| 945 | |d 19970117 00:00:00 |a nastorga | ||
| 260 | |a Homewood |b Richard D. Irwin |c 1968 | ||
| 650 | 0 | |a Consumo |9 333893 | |
| 650 | 0 | |a Comportamiento del consumidor |9 331318 | |
| 650 | 7 | |a MOTIVACION PSICOLOGICA |2 CL-VaPUC |9 378402 | |
| 650 | 0 | |a Cognición |9 270347 | |
| 583 | |a last modification |c 20160307 12:34:16 |k Rodrigo Vera | ||
| 490 | 0 | |a AMA Reprint Series | |
| 999 | |c 256065 |d 256063 | ||
| 952 | |0 0 |1 0 |4 0 |6 339_470000000000000_ENG_1968 |7 0 |8 P |9 278604 |a BIBGIM |b BIBGIM |d 2019-11-19 |i 3278336 |l 1 |o 339.47 ENG 1968 |p 3278336 |r 2025-03-13 |s 2025-03-13 |w 2019-11-19 |y BK |k COM | ||